000 00520nam a22002057a 4500
003 BUBTL
008 190120b xxu||||| |||| 00| 0 eng d
020 _a984871510X
082 _2828 / ALI
100 _92138
_aFakrul Alam
245 _aImperial Entanglements and Literature in English
250 _a1St Edn.
260 _aDhaka
_bWriters.onk
_c2007
300 _a23 cm
500 _aIncludes Index.
650 _2English Literature
856 _k0
_l0
_yDownload
942 _2ddc
_cBK
999 _c5866
_d5866